000 00457nab a2200145Ia 4500
003 ES-SlBCS
005 20210601125506.0
008 140529s2002 xxu||||| |||| 00| 0 eng d
041 _aeng
100 1 _aKochin, Michael S.
_9159245
245 0 0 _aIndividual Narrative and Political Character
_c Michael S. Kochin
650 0 4 _aNarrativa-Política
_9159275
773 0 _tReview of Methaphysics
_gvol. 55/4, nº. 220, 2002, págs. 691-710
_wRev843
942 _cAR
999 _c531196
_d531196